All Pokémon with Flower Veil - Statistics

General Stats
  • This quiz has been taken 6 times
  • The average score is 4 of 5
Answer Stats
(Avail)ability Pokémon % Correct
First Ability Flabébé
100%
First Ability Floette
75%
Only Ability Floette (Eternal Flower)
75%
First Ability Comfey
50%
First Ability Florges
50%
No matching quizzes found
Score Distribution
Percent of People with Each Score
Percentile by Number Answered
Your Score History
You have not taken this quiz